00569nmm a2200169Ia 4500008004100000020001800041041000800059100003000067245004800097264009100145300001800236490005600254650001400310856005100324942000700375999001700382251105s9999||||xx |||||||||||||||||und|| a9788499800899 aspa aPrats, Joaquín (coord.) 0aDidáctica de la geografía y la historia a[Madrid, España] :bMinisterio de Educación, Cultura y Deporte de España, c2011 a224 páginas aFormación del profesorado. Educación secundaria aEducation uhttps://public.digitaliapublishing.com/a/30215 cCF c93241d93241